Empire by Ruler Quiz Stats

 Plays Quiz Updated Sep 20, 2015

Also try: World Leaders A-Z
Challenge
Share
Tweet
Score 0/25 Timer 10:00
5 Plays Today
% Correct
French Colonial Empire
99.2%
British Empire
97.7%
Empire of Japan
97.5%
Qing Dynasty
90.9%
Roman Empire
87.4%
Russian Empire
86.4%
Mongol Empire
84.4%
German Empire
83.8%
Austrian Empire and Austro-Hungarian Empire
83.8%
Hunnic Empire
83.6%
Aztec Empire
81%
Ottoman Empire
78.8%
Macedonian Empire
72.6%
% Correct
Achaemenid Empire
70.6%
Portuguese Empire
64.5%
Spanish Empire
59.7%
Belgian Colonial Empire
54.9%
Korean Empire
53.5%
Zulu Empire
52.8%
Dutch Colonial Empire
52.7%
Italian Empire
51.9%
Empire of Brazil
47.1%
First Mexican Empire
46.6%
Mughal Empire
43.2%
Khmer Empire
21%

You're not logged in!

Compare scores with friends on all Sporcle quizzes.
OR
Log In

You Might Also Like...

Show Comments

Extras

Top Quizzes Today


Score Distribution

Your Account Isn't Verified!

In order to create a playlist on Sporcle, you need to verify the email address you used during registration. Go to your Sporcle Settings to finish the process.

Report this User

Report this user for behavior that violates our Community Guidelines.

Details: